000 01143nam a22003495i 4500
999 _c28299
_d28270
003 EG-ScBUE
005 20200309114842.0
006 m||||fq||i 00| 0
008 200219s2008 ii a f d 001 0 eng d
020 _a8123915403
020 _a9788123915401
040 _aEG-ScBUE
_beng
_erda
_cEG-ScBUE
_dEG-ScBUE
082 0 4 _a615.1401513
_bBAL
_222
100 1 _aBallington, Don A.,
_eauthor.
_938402
245 1 0 _aPharmacy calculations /
_cDon A. Ballington, Tova Wiegand Green.
250 _aThird edition.
250 _aFirst Indian reprint.
264 1 _aNew Delhi :
_bCBS Publishers & Distributors,
_c2008.
300 _ax, 262 pages :
_billustrations (color) ;
_c28 cm +
_e1 DVD-ROM (4 3/4 in.)
336 _atext
_btxt
_2rdacontent
337 _aunmediated
_bn
_2rdamedia
337 _acomputer
_bc
_2rdamedia
338 _avolume
_bnc
_2rdacarrier
338 _acomputer disc
_bcd
_2rdacarrier
500 _aIncludes index.
500 _aIncludes glossary.
650 7 _aPharmaceutical arithmetic.
_2BUEsh
653 _bPPhrm
_cMarch2020
700 1 _aGreen, Tova Wiegand,
_eauthor.
942 _2ddc
_cBB